00305nam a2200121Ia 4500008004100000041000800041082001200049100001200061245002300073260004500096300003100141365001100172240624s9999 xx 000 0 und d aeng a823 MAC aMACBETH aOXFORD SHAKESPEARE c2008aNew DelhibOxford University press axii, : 249 : p. : cm. ; 19 cRSb30